Sobre el avituallamiento de los ejercitos (Record no. 129159)

MARC details
000 -LEADER
campo de control de longitud fija 00503nam a2200157 i 4500
001 - NÚMERO DE CONTROL
campo de control 129159
003 - IDENTIFICADOR DE NÚMERO DE CONTROL
campo de control ES-MaACL
005 - FECHA Y HORA DE LA ÚLTIMA TRANSACCIÓN
campo de control 20230906193440.0
007 - CAMPO FIJO DE DESCRIPCIÓN FÍSICA--INFORMACIÓN GENERAL
campo de control de longitud fija t|
008 - DATOS DE LONGITUD FIJA--INFORMACIÓN GENERAL
campo de control de longitud fija 070607s1902 sp ||||1| spa d
100 1# - ENTRADA PRINCIPAL--NOMBRE DE PERSONA
Nombre de persona Tenreiro, Laureano.
9 (RLIN) 109706
245 10 - MENCIÓN DEL TÍTULO
Título Sobre el avituallamiento de los ejercitos
Resto del título : estudio histórico /
Mención de responsabilidad, etc. Laureano Tenreiro.
260 ## - PUBLICACIÓN, DISTRIBUCIÓN, ETC.
Lugar de publicación, distribución, etc. Madrid :
Nombre del editor, distribuidor, etc. [s.n.],
Fecha de publicación, distribución, etc. 1902 (
Lugar de fabricación/manufactura Imp. de la Administración militar)
650 04 - PUNTO DE ACCESO ADICIONAL DE MATERIA--TÉRMINO DE MATERIA
Término de materia o nombre geográfico como elemento de entrada Intendencia militar.
9 (RLIN) 13867
852 ## - LOCALIZACIÓN
Ubicación ES-MaACL
Número de control de estantería T-1001-F-7
Holdings
Estatus retirado Estado de pérdida Estado de daño No para préstamo Colección Biblioteca de origen Biblioteca actual Ubicación en estantería Fecha de adquisición Fuente de adquisición Total de préstamos Signatura topográfica completa Código de barras Visto por última vez Precio de reemplazo Tipo de ítem Koha
        Colección de folletos Biblioteca del Ateneo de Madrid Biblioteca del Ateneo de Madrid Depósito folletos 17/01/2008     T-1001-F-7 1134502 23/02/2023 23/02/2023 Folleto